000 00517nam a2200181Ia 4500
005 20250326141300.0
008 250326s9999 xx 000 0 und d
037 _aTextbook
040 _aFMSL
_beng
_cFMSL
041 _aeng
_2eng
084 _qFMSL
100 _aGlordan (a.e.)
_9744071
245 0 _aExpand : The Dynamic approach to International marketing development
_cGlordan (a.e.)
260 _aGowar
_bGowar, Publishing (England)
_c1994
300 _a444p
942 _cTB
999 _c1289584
_d1289584